Clinical Research: Principles Practices Perspectives (Record no. 11440)

MARC details
000 -LEADER
fixed length control field 00405nam a22001577a 4500
003 - CONTROL NUMBER IDENTIFIER
control field OSt
008 - FIXED-LENGTH DATA ELEMENTS--GENERAL INFORMATION
fixed length control field 220716b ||||| |||| 00| 0 eng d
020 ## - INTERNATIONAL STANDARD BOOK NUMBER
International Standard Book Number 9789389354836
082 ## - DEWEY DECIMAL CLASSIFICATION NUMBER
Classification number 615.19 MIC
100 ## - MAIN ENTRY--PERSONAL NAME
Personal name MITTAL,Niti
245 ## - TITLE STATEMENT
Title Clinical Research: Principles Practices Perspectives
260 ## - PUBLICATION, DISTRIBUTION, ETC. (IMPRINT)
Place of publication, distribution, etc Hyderabad
Name of publisher, distributor, etc PharmaMed Press
Date of publication, distribution, etc 2021
300 ## - PHYSICAL DESCRIPTION
Extent 466
650 ## - SUBJECT ADDED ENTRY--TOPICAL TERM
Topical term or geographic name as entry element Pharmacy Practice
942 ## - ADDED ENTRY ELEMENTS (KOHA)
Source of classification or shelving scheme Dewey Decimal Classification
Koha item type Text Books
Holdings
Withdrawn status Lost status Source of classification or shelving scheme Damaged status Not for loan Collection code Home library Current library Date acquired Source of acquisition Currency Cost, normal purchase price Bill Number Total Checkouts Full call number Acc. no. / Barcode Date last seen Actual Cost, discounted price Bill Date Koha item type
    Dewey Decimal Classification     B.Pharma PIET C-LIBRARY PIET C-LIBRARY 16/07/2022 B.S.P Books Pvt.Ltd Indian Rup 695.00 45533   615.19 MIC BP1860 16/07/2022 486.50 02/07/2022 Reference Books
    Dewey Decimal Classification     B.Pharma PIET C-LIBRARY PIET C-LIBRARY 16/07/2022 B.S.P Books Pvt.Ltd Indian Rup 695.00 45533   615.19 MIC BP1861 16/07/2022 486.50 02/07/2022 Text Books
    Dewey Decimal Classification     B.Pharma PIET C-LIBRARY PIET C-LIBRARY 16/07/2022 B.S.P Books Pvt.Ltd Indian Rup 695.00 45533   615.19 MIC BP1862 16/07/2022 486.50 02/07/2022 Text Books

Design & Developed by: PIET Central Library
R70 Miles Stone Pattikalyana Samalkha Panipat 132102
mail ID :- [email protected], Phone No:- 0180-2569700 Ex.216